|
|
|
|
| LEADER |
01031nam a2200277 a 4500 |
| 001 |
13771152 |
| 008 |
100201r20042003maua b 001 0 eng d |
| 010 |
|
|
|a 2004060134
|
| 020 |
|
|
|a 8129702754
|
| 020 |
|
|
|a 0321267613 (alk. paper)
|
| 040 |
|
|
|a DLC
|c DLC
|d DLC
|d DB-DhAAL
|
| 082 |
0 |
0 |
|a 658.15
|2 22
|
| 999 |
|
|
|c 7279
|d 7279
|
| 999 |
|
|
|c 7279
|
| 100 |
1 |
|
|a Gitman, Lawrence J.
|9 1634
|
| 245 |
1 |
0 |
|a Principles of managerial finance /
|c Lawrence J. Gitman.
|
| 250 |
|
|
|a 10th ed.
|
| 260 |
|
|
|a Boston :
|b Pearson Addison Wesley,
|c 2003.[reprinted 2004]
|
| 300 |
|
|
|a xliv, 794, [82] p. :
|b ill. ;
|c 25 cm.
|
| 504 |
|
|
|a Includes bibliographical references and index.
|
| 541 |
1 |
|
|e 00013072
|
| 650 |
|
0 |
|a Corporations
|x Finance.
|9 1635
|
| 650 |
|
0 |
|a Business enterprises
|x Finance.
|9 1636
|
| 852 |
4 |
|
|a Ayesha Abed Library
|j General Shelf.
|
| 942 |
|
|
|2 ddc
|c BK
|
| 952 |
|
|
|0 0
|1 0
|2 ddc
|4 0
|6 658_150000000000000_GIT
|7 0
|9 7651
|a BRACUL
|b BRACUL
|c GEN
|d 2010-02-01
|g 630.00
|l 37
|m 350
|o 658.15 GIT
|p 3010013072
|q 2026-06-02
|r 2026-02-24
|s 2026-02-24
|t 1
|w 2010-02-01
|y BK
|